LIBRARY & INFORMATION CENTRE, KCAET, TAVANUR

ONLINE PUBLIC ACCESS CATALOGUE (OPAC)

Developments in close range photogrammetry - 1 / (Record no. 3795)

MARC details
000 -LEADER
fixed length control field 00451cam a2200169ua 4500
020 ## - INTERNATIONAL STANDARD BOOK NUMBER
ISBN 0-85334-882-0
041 ## - LANGUAGE CODE
Language code of text/sound track or separate title eng
082 ## - DEWEY DECIMAL CLASSIFICATION NUMBER
Classification number 526.982
Item number ATE/DE
100 ## - MAIN ENTRY--AUTHOR NAME
Personal name Akkinson, K B.
245 ## - TITLE STATEMENT
Title Developments in close range photogrammetry - 1 /
260 ## - PUBLICATION, DISTRIBUTION, ETC. (IMPRINT)
Place of publication London :
Name of publisher Applied Science Publishers Ltd ,
Year of publication 1980.
300 ## - PHYSICAL DESCRIPTION
Number of Pages 222 ; .
500 ## - GENERAL NOTE
General note **Reference
942 ## - ADDED ENTRY ELEMENTS (KOHA)
Koha item type Books
Holdings
Withdrawn status Lost status Damaged status Home library Current library Date acquired Full call number Accession Number Koha item type
      KAUAET KAUAET 07/04/2012 526.982 16285 Reference
free website counter